000 nam a22 a 4500
999 _c3507
_d3507
005 20170523100408.0
008 170523s1987 enka || 001 ||eng d
020 _a0566025728 :
_c £22.50
040 _aAKMAL
082 _a658.45 FRA
090 _a658.45
_bFRA
100 _a Francis, Dave
_d1941-
_97015
245 _aUnblocking organizational communication
_b a companion volume to 50 activities for unblocking organizational communication /
_c Dave Francis.
260 _aAldershot :
_bGower,
_cc1987.
300 _a[200]p. :
_b ill. ;
_c 22cm.
650 _aCommunication in management.
_92708
942 _2ddc
_cBOOK